[Event "Women's Speed Chess Q1"]
[Site "chess.com INT"]
[Date "2020.06.18"]
[Round "3"]
[White "Kazarian, Anna-Maja"]
[Black "Injac, Teodora"]
[Result "1-0"]
[WhiteTitle "FM"]
[BlackTitle "WIM"]
[WhiteElo "2096"]
[BlackElo "2286"]
[WhiteFideId "1033689"]
[BlackFideId "932400"]
[EventDate "2020.06.18"]

1. e4 e6 2. d4 d5 3. exd5 exd5 4. c4 Bb4+ 5. Nc3 Nf6 6. Bd3 O-O 7. Ne2 dxc4 8.
Bxc4 Nc6 9. O-O Bf5 10. Bg5 Be7 11. Re1 h6 12. Bh4 Na5 13. Bd3 Qd7 14. Bxf5 Qxf5
15. Ng3 Qd7 16. Qf3 Nd5 17. Qxd5 Qxd5 18. Nxd5 Bxh4 19. Nxc7 Rac8 20. Nb5 Rc2
21. b3 Rd8 22. Re2 Rdc8 23. Rxc2 Rxc2 24. Nd6 Rd2 25. Ndf5 Bxg3 26. hxg3 Nc6 27.
Rb1 Kh7 28. Re1 g6 29. Nd6 Nxd4 30. Nxb7 1-0

[Event "Women's Speed Chess Q1"]
[Site "chess.com INT"]
[Date "2020.06.18"]
[Round "3"]
[White "Afonasieva, Anna"]
[Black "Munkhzul, Turmunkh"]
[Result "0-1"]
[WhiteTitle "WIM"]
[BlackTitle "WIM"]
[WhiteElo "2274"]
[BlackElo "2278"]
[WhiteFideId "24173606"]
[BlackFideId "4901878"]
[EventDate "2020.06.18"]

1. d4 Nf6 2. Nf3 e6 3. Bf4 d5 4. e3 c5 5. c3 Nc6 6. Nbd2 Bd6 7. Bg3 O-O 8. Bd3
b6 9. Qe2 Bb7 10. Rd1 Re8 11. Ne5 Rc8 12. a3 Qe7 13. f4 c4 14. Bb1 Qc7 15. O-O
Ne7 16. Bh4 Ne4 17. Bxe4 dxe4 18. Qh5 Nf5 19. Nexc4 Bf8 20. Rfe1 b5 21. Ne5 f6
22. Ng4 Qf7 23. Qxf7+ Kxf7 24. Bf2 h5 25. h3 hxg4 26. hxg4 Nh6 27. g5 Ng4 28.
Bh4 f5 29. Nf1 Bd6 30. a4 Rh8 31. Bg3 Rh7 32. Nd2 b4 33. c4 b3 34. Kf1 Ba6 35.
Rc1 Bb4 36. Ke2 Rhh8 37. Kd1 Bxd2 38. Kxd2 Rxc4 39. Rxc4 Bxc4 40. Rc1 Rc8 41.
Rc3 Ke7 42. Bh4 g6 43. Bg3 Kd6 44. Be1 Kd5 45. Bg3 Rb8 46. Rc1 Rb4 47. Ra1 a5
48. Ra3 Ba6 49. Ra1 Bb7 50. Ra3 Bc6 51. Kc3 Nxe3 52. Be1 Nxg2 53. Bd2 e3 0-1

[Event "Women's Speed Chess Q1"]
[Site "chess.com INT"]
[Date "2020.06.18"]
[Round "3"]
[White "Starosta, Martyna"]
[Black "Sedina, Elena"]
[Result "0-1"]
[WhiteTitle "WCM"]
[BlackTitle "IM"]
[WhiteElo "2079"]
[BlackElo "2299"]
[WhiteFideId "21818754"]
[BlackFideId "812153"]
[EventDate "2020.06.18"]

1. e4 e6 2. d4 d5 3. Nc3 Bb4 4. exd5 exd5 5. Bd3 Nc6 6. a3 Bxc3+ 7. bxc3 Nge7 8.
Qf3 Be6 9. Nh3 Qd7 10. Ng5 O-O-O 11. O-O Bg4 12. Qg3 Bh5 13. a4 h6 14. Nf3 Bg6
15. Ba3 Bxd3 16. cxd3 g5 17. Ne5 Nxe5 18. dxe5 Ng6 19. a5 a6 20. Qe3 d4 21. Qe4
dxc3 22. Rab1 Qd5 23. Qf5+ Kb8 24. Rb4 Qxd3 25. Qxd3 Rxd3 26. Rb3 Rhd8 27. h3 c2
28. Rxd3 Rxd3 29. Bc1 Nxe5 30. Re1 Rd1 31. Kf1 Nd3 0-1

[Event "Women's Speed Chess Q1"]
[Site "chess.com INT"]
[Date "2020.06.18"]
[Round "3"]
[White "Buksa, Nataliya"]
[Black "Khalafova, Narmin"]
[Result "1-0"]
[WhiteTitle "IM"]
[BlackTitle "WGM"]
[WhiteElo "2410"]
[BlackElo "2279"]
[WhiteFideId "14123622"]
[BlackFideId "13402625"]
[EventDate "2020.06.18"]

1. d4 g6 2. Nc3 d6 3. e4 Nf6 4. Bg5 h6 5. Bh4 Bg7 6. e5 Nh5 7. exd6 Qxd6 8. Nb5
Qd8 9. c3 O-O 10. Nf3 a6 11. Na3 c5 12. dxc5 Qa5 13. Nc4 Qxc5 14. Bg3 Nxg3 15.
hxg3 b5 16. Ne3 b4 17. Qd5 Qxd5 18. Nxd5 Nc6 19. Be2 Rd8 20. Nxb4 Nxb4 21. cxb4
Bxb2 22. Rb1 Bc3+ 23. Kf1 Bf5 24. Rb3 Bg7 25. Kg1 Rac8 26. Kh2 Rc2 27. Bxa6 Rxa2
28. b5 Rxf2 29. b6 Be4 30. b7 Rdd2 31. b8=Q+ Kh7 32. Ne1 Rxg2+ 33. Nxg2 Bxg2 34.
Rd1 1-0

[Event "Women's Speed Chess Q1"]
[Site "chess.com INT"]
[Date "2020.06.18"]
[Round "3"]
[White "Kubicka, Anna"]
[Black "Demchenko, Svitlana"]
[Result "1/2-1/2"]
[WhiteTitle "WIM"]
[BlackTitle "WIM"]
[WhiteElo "2256"]
[BlackElo "2071"]
[WhiteFideId "1152254"]
[BlackFideId "14149893"]
[EventDate "2020.06.18"]

1. e4 d5 2. exd5 Nf6 3. Bb5+ Bd7 4. Bc4 Bg4 5. f3 Bf5 6. Nc3 Nbd7 7. Nge2 a6 8.
a4 Nb6 9. Bb3 Nbxd5 10. O-O e6 11. Nxd5 Nxd5 12. Ng3 Bg6 13. d4 Be7 14. Re1 O-O
15. c3 c5 16. Kh1 cxd4 17. Qxd4 Bf6 18. Qf2 Qb6 19. Qxb6 Nxb6 20. Be3 Nd7 21.
Rad1 Rfd8 22. Rd2 Ne5 23. Red1 Rxd2 24. Rxd2 Rd8 25. Rxd8+ Bxd8 26. Bd1 Nd3 27.
b3 Nb2 28. Be2 Bc2 29. Bc1 Nd1 30. Bc4 Nxc3 31. Bb2 Nd5 32. Ne4 Be7 33. Kg1 Ne3
34. Be2 Bxb3 35. a5 Nc4 36. Bc3 f5 37. Nd2 Bc5+ 38. Kh1 Nxd2 39. Bxd2 Kf7 40. g3
Ke7 41. Kg2 Kd7 42. h4 g6 43. g4 Kc6 44. Kg3 Bd6+ 45. f4 Bd5 46. Kh3 Kc7 47. h5
Kc6 48. Kh4 Be7+ 49. Kg3 Bd6 50. Kh4 Be7+ 51. Kg3 Bd6 52. Kh4 1/2-1/2

[Event "Women's Speed Chess Q1"]
[Site "chess.com INT"]
[Date "2020.06.18"]
[Round "3"]
[White "Ouellet, Maili-Jade"]
[Black "Papp, Petra"]
[Result "0-1"]
[WhiteTitle "WGM"]
[BlackTitle "WGM"]
[WhiteElo "2257"]
[BlackElo "2338"]
[WhiteFideId "2620472"]
[BlackFideId "739049"]
[EventDate "2020.06.18"]

1. d4 Nf6 2. c4 g6 3. Nc3 d5 4. cxd5 Nxd5 5. e4 Nxc3 6. bxc3 Bg7 7. Nf3 c5 8.
Rb1 O-O 9. Be2 Nc6 10. d5 Ne5 11. Nxe5 Bxe5 12. Qd2 e6 13. f4 Bg7 14. O-O exd5
15. exd5 b6 16. Bb2 Bf5 17. Rbd1 Qd6 18. c4 Bxb2 19. Qxb2 Rfe8 20. Qd2 Re7 21.
Bd3 Bxd3 22. Qxd3 f5 23. Rde1 Rae8 24. Rxe7 Rxe7 25. g3 Re4 26. a4 Qf6 27. a5
bxa5 28. Qa3 Qd4+ 29. Kh1 Re2 30. Qf3 Qd2 31. h4 Rh2+ 32. Kg1 Re2 33. d6 Qd4+
34. Kh1 Re3 35. Qa8+ Kg7 36. Qb7+ Kh6 37. Qd7 Rxg3 0-1

[Event "Women's Speed Chess Q1"]
[Site "chess.com INT"]
[Date "2020.06.18"]
[Round "3"]
[White "Bodnaruk, Anastasia"]
[Black "Munoz Monroy, Cinthya Carolina"]
[Result "1-0"]
[WhiteTitle "IM"]
[BlackTitle "WFM"]
[WhiteElo "2411"]
[BlackElo "2007"]
[WhiteFideId "4181751"]
[BlackFideId "4407482"]
[EventDate "2020.06.18"]

1. e4 d5 2. exd5 Qxd5 3. d4 Nc6 4. c3 Nf6 5. Nf3 Bg4 6. Be2 O-O-O 7. O-O Qh5 8.
h3 e5 9. hxg4 Nxg4 10. Nh4 f5 11. g3 g5 12. Bxg4 fxg4 13. Ng2 exd4 14. Nd2 dxc3
15. bxc3 Ne5 16. Qe2 Nf3+ 17. Nxf3 gxf3 18. Qe6+ Kb8 19. Ne3 Bc5 20. Qg4 Qf7 21.
Rb1 h5 22. Qf5 Qe7 23. Qxf3 c6 24. Nc4 h4 25. Na5 Bb6 26. Nc4 hxg3 27. Nxb6 axb6
28. Qxg3+ Ka7 29. Rb4 b5 30. Be3+ b6 31. a4 Qh7 32. Qg2 Qg7 33. axb5 Qxc3 34.
Ra4+ Kb7 35. bxc6+ Kc7 36. Ra7+ Kd6 37. Rd1+ Ke6 38. Qe4+ Kf6 39. Qe7+ Kf5 40.
Qxg5+ Ke4 41. Qf4# 1-0

[Event "Women's Speed Chess Q1"]
[Site "chess.com INT"]
[Date "2020.06.18"]
[Round "3"]
[White "Grigoryan, Meri"]
[Black "Smirnova, Ekaterina"]
[Result "0-1"]
[WhiteTitle "WFM"]
[BlackTitle "WIM"]
[WhiteElo "2044"]
[BlackElo "2278"]
[WhiteFideId "13300571"]
[BlackFideId "4110943"]
[EventDate "2020.06.18"]

1. d4 d5 2. Nf3 Nf6 3. Bf4 c5 4. e3 Nc6 5. dxc5 e6 6. c4 Bxc5 7. Bg3 O-O 8. Nc3
Ne4 9. Nxe4 dxe4 10. Nd2 f5 11. Be2 e5 12. O-O Be7 13. f4 exf3 14. Nxf3 e4 15.
Ne5 Bc5 16. Qc1 Qb6 17. Qc2 Bxe3+ 18. Kh1 Be6 19. Nxc6 bxc6 20. Bf4 Bd4 21. Bd6
Rfd8 22. Ba3 c5 23. Rad1 Rd7 24. Bh5 Rad8 25. Rde1 Bf6 26. Rf2 Bh4 27. g3 Bf6
28. Rfe2 Qc6 29. Kg1 Qd6 30. Rf1 Qd4+ 31. Kh1 Bxc4 32. b3 Bxe2 33. Bxe2 e3 34.
Bxc5 Qd2 35. Bc4+ Kh8 36. Qxf5 e2 0-1

[Event "Women's Speed Chess Q1"]
[Site "chess.com INT"]
[Date "2020.06.18"]
[Round "3"]
[White "Martynkova, Olena"]
[Black "Kashlinskaya, Alina"]
[Result "0-1"]
[WhiteTitle "WIM"]
[BlackTitle "IM"]
[WhiteElo "2222"]
[BlackElo "2494"]
[WhiteFideId "14134039"]
[BlackFideId "4198026"]
[EventDate "2020.06.18"]

1. d4 Nf6 2. Nf3 d5 3. c4 e6 4. g3 Bb4+ 5. Bd2 Bd6 6. Bg2 O-O 7. O-O c6 8. Bg5
Nbd7 9. Nbd2 h6 10. Bxf6 Nxf6 11. Qc2 b6 12. e4 dxe4 13. Nxe4 Nxe4 14. Qxe4 Bb7
15. Rfd1 Qe7 16. c5 bxc5 17. dxc5 Bxc5 18. Ne5 Rfd8 19. Nxc6 Qf6 20. Ne7+ Kf8
21. Qxb7 Qxf2+ 22. Kh1 Bxe7 23. Qxa8 Rxa8 24. Bxa8 f5 25. b3 h5 26. Rf1 Qb6 27.
Rac1 h4 28. gxh4 Bxh4 29. Bg2 Bf6 30. Rc6 Qe3 31. Rc8+ Kf7 32. Rc7+ Kg8 33. Rd1
Kh7 34. Rc4 e5 35. Rf1 g6 0-1

[Event "Women's Speed Chess Q1"]
[Site "chess.com INT"]
[Date "2020.06.18"]
[Round "3"]
[White "Toncheva, Nadya"]
[Black "Shukhman, Anna"]
[Result "1-0"]
[WhiteTitle "WFM"]
[BlackTitle "WCM"]
[WhiteElo "2064"]
[BlackElo "1866"]
[WhiteFideId "2924056"]
[BlackFideId "54180058"]
[EventDate "2020.06.18"]

1. e4 c5 2. c3 Nf6 3. e5 Nd5 4. Nf3 d6 5. Bc4 Nb6 6. Bb3 c4 7. Bc2 dxe5 8. Nxe5
e6 9. O-O Bd6 10. Re1 Qf6 11. Ng4 Qh4 12. g3 Qh3 13. d4 h5 14. Ne3 h4 15. Qe2
Kf8 16. Bf5 exf5 17. Nxf5 Be6 18. Nxd6 Nc6 19. Na3 Rd8 20. Nxb7 Re8 21. Nd6 Re7
22. Bg5 f6 23. Bf4 hxg3 24. fxg3 g5 25. Bd2 Nd5 26. Qg2 Qh7 27. Naxc4 Qd3 28.
Qe4 Qxe4 29. Nxe4 Nxc3 30. Bxc3 Bxc4 31. Nxf6 Rf7 32. d5 Ne7 33. Rad1 1-0

[Event "Women's Speed Chess Q1"]
[Site "chess.com INT"]
[Date "2020.06.18"]
[Round "3"]
[White "Huda, Maryana"]
[Black "Vantika, Agrawal"]
[Result "1-0"]
[WhiteTitle "WGM"]
[BlackTitle "WIM"]
[WhiteElo "2128"]
[BlackElo "2286"]
[WhiteFideId "14116553"]
[BlackFideId "25050389"]
[EventDate "2020.06.18"]

1. e4 c5 2. Nf3 d6 3. d4 cxd4 4. Nxd4 Nf6 5. Nc3 a6 6. a4 e5 7. Nb3 b6 8. Be2
Bb7 9. Bf3 Be7 10. O-O O-O 11. Re1 Nbd7 12. g3 Rc8 13. Bg2 Qc7 14. f4 Rfd8 15.
g4 exf4 16. g5 Ne8 17. Bxf4 Ne5 18. Kh1 g6 19. Re2 Ng7 20. Nd5 Bxd5 21. exd5 Nh5
22. Bc1 Re8 23. Nd4 Bf8 24. Nc6 Bg7 25. c3 Qd7 26. Qf1 Qc7 27. Bd2 Ra8 28. Rae1
h6 29. Bh3 hxg5 30. Bxg5 f5 31. Bc1 Nf6 32. Bg2 Nfg4 33. h3 1-0

[Event "Women's Speed Chess Q1"]
[Site "chess.com INT"]
[Date "2020.06.18"]
[Round "3"]
[White "Hrabinska, Myroslava"]
[Black "Sharmin, Samiha Shimmi"]
[Result "0-1"]
[WhiteTitle "WGM"]
[BlackTitle "WCM"]
[WhiteElo "2235"]
[BlackElo "1812"]
[WhiteFideId "14109190"]
[BlackFideId "10203087"]
[EventDate "2020.06.18"]

1. e4 d5 2. exd5 Qxd5 3. Nc3 Qd6 4. d4 Nf6 5. Nf3 a6 6. Ne5 Nc6 7. Nc4 Qxd4 8.
Be3 Qxd1+ 9. Rxd1 Bf5 10. Bd3 Bxd3 11. Rxd3 b5 12. Nd2 Nb4 13. Ke2 Nxd3 14. cxd3
e6 15. a3 Nd5 16. Bd4 c5 17. Be5 f6 18. Bg3 Nxc3+ 19. bxc3 h5 20. h3 Be7 21. c4
h4 22. Bh2 Kf7 23. Rb1 Rhd8 24. f3 Ra7 25. a4 bxa4 26. Ra1 Rb7 27. Rxa4 Rbd7 28.
Ra3 Ra8 29. Ne4 f5 30. Nd2 a5 31. Bg1 a4 32. Nb3 Rb7 33. Nxc5 Rb2+ 34. Kf1 Rb1+
35. Ke2 Rxg1 36. Rxa4 Rxa4 37. Nxa4 Rxg2+ 38. Ke3 Rg3 39. Kf4 Rxh3 40. Nc3 Rh1
41. Ne2 Bd6+ 42. Ke3 h3 43. f4 h2 44. Kf2 Ra1 45. Ng3 h1=Q 46. Nxh1 Rxh1 47. Kg2
Rc1 48. d4 Rxc4 0-1

[Event "Women's Speed Chess Q1"]
[Site "chess.com INT"]
[Date "2020.06.18"]
[Round "3"]
[White "Perez Rodriguez, Jennifer"]
[Black "Hoang, Thi Bao Tram"]
[Result "1-0"]
[WhiteTitle "WIM"]
[BlackTitle "WGM"]
[WhiteElo "2251"]
[BlackElo "2288"]
[WhiteFideId "3507831"]
[BlackFideId "12401102"]
[EventDate "2020.06.18"]

1. e4 c6 2. d4 d5 3. exd5 cxd5 4. c4 Nf6 5. Nc3 e6 6. Nf3 Be7 7. cxd5 Nxd5 8.
Bb5+ Nc6 9. Ne5 Bd7 10. Bxc6 Bxc6 11. Nxc6 bxc6 12. O-O O-O 13. Ne4 a5 14. Bd2
Qb6 15. Bc3 a4 16. Rc1 Rfd8 17. Qf3 a3 18. b3 Nxc3 19. Rxc3 Rxd4 20. Rfc1 Rad8
21. g3 f5 22. Nc5 Bxc5 23. Rxc5 Rd1+ 24. Rxd1 Rxd1+ 25. Qxd1 Qxc5 26. Qd8+ Kf7
27. Qd7+ Kf6 28. Qd8+ Qe7 29. Qd4+ e5 30. Qh4+ Ke6 31. Qxh7 e4 32. Qg8+ Kf6 33.
Qc4 Qd6 34. Qc3+ Kg5 35. Qxg7+ Kh5 36. h4 Qd1+ 37. Kh2 Qd2 38. Qf7+ Kh6 39. Qf6+
Kh7 40. Qxf5+ Kh8 41. Qh5+ Kg7 42. Qg5+ Qxg5 43. hxg5 Kg6 44. Kg2 Kxg5 45. Kf1
Kf5 46. Ke2 Ke5 47. Ke3 c5 48. g4 1-0

[Event "Women's Speed Chess Q1"]
[Site "chess.com INT"]
[Date "2020.06.18"]
[Round "3"]
[White "Zhuravleva, Olga"]
[Black "Gvanceladze, Anna"]
[Result "1-0"]
[WhiteTitle "WIM"]
[BlackTitle "WFM"]
[WhiteElo "2278"]
[BlackElo "2254"]
[WhiteFideId "4145933"]
[BlackFideId "4113721"]
[EventDate "2020.06.18"]

1. e4 c6 2. Nf3 d5 3. Nc3 dxe4 4. Nxe4 Nf6 5. Ng3 g6 6. d4 Bg7 7. Bd3 Bg4 8. c3
O-O 9. O-O Qc7 10. h3 Be6 11. Re1 Bd5 12. Ne5 c5 13. c4 Be6 14. d5 Bc8 15. Bf4
Qb6 16. Rb1 Re8 17. Qd2 Nbd7 18. Nf3 Qb4 19. Qc2 Qa5 20. a3 Qd8 21. b4 b6 22. h4
Bb7 23. h5 Rc8 24. hxg6 hxg6 25. b5 Nf8 26. Rbd1 Ng4 27. Qc1 Qd7 28. Bg5 Rcd8
29. Bc2 Nh7 30. Bf4 Nf8 31. Ne4 Nh7 32. Neg5 Nxg5 33. Nxg5 Bd4 34. Bg3 Kg7 35.
Qf4 f5 36. Ne6+ Kf7 37. Nxd8+ Rxd8 38. Re6 Re8 39. Rde1 Bf6 40. Bxf5 gxf5 41.
Qxf5 Nh6 42. Rxf6+ exf6 43. Qxd7+ Kg6 44. Qxe8+ 1-0

[Event "Women's Speed Chess Q1"]
[Site "chess.com INT"]
[Date "2020.06.18"]
[Round "3"]
[White "Tania, Sachdev"]
[Black "Lahav, Michal"]
[Result "1-0"]
[WhiteTitle "IM"]
[BlackTitle "WIM"]
[WhiteElo "2392"]
[BlackElo "2219"]
[WhiteFideId "5007844"]
[BlackFideId "2813742"]
[EventDate "2020.06.18"]

1. d4 Nf6 2. c4 e6 3. Nf3 c5 4. d5 exd5 5. cxd5 d6 6. Nc3 g6 7. Bf4 Bg7 8. h3
O-O 9. e3 Na6 10. Be2 Nc7 11. a4 Re8 12. O-O b6 13. Bh2 Bb7 14. Bc4 Ne4 15. Qb3
Rb8 16. Rad1 Qf6 17. Nd2 Nxc3 18. bxc3 Rbd8 19. Rc1 Bc8 20. a5 bxa5 21. Qa2 Qg5
22. Kh1 Qh5 23. e4 Bh6 24. Rcd1 Bxd2 25. Rxd2 Rxe4 26. Be2 Qg5 27. Bf3 Ree8 28.
Rfd1 Qf6 29. Qxa5 Re7 30. Bg3 Bxh3 31. Qxa7 Ra8 32. Qb6 Bd7 33. Qxc7 Bg4 34. Qc6
Bxf3 35. Qxa8+ Kg7 36. gxf3 Qxf3+ 37. Kg1 Re2 38. Rxe2 Qxe2 39. Qa1 Qf3 40. c4+
Kg8 41. Re1 h5 42. Qc1 Kh7 43. Qe3 1-0

[Event "Women's Speed Chess Q1"]
[Site "chess.com INT"]
[Date "2020.06.18"]
[Round "3"]
[White "Shafigullina, Zarina"]
[Black "Padmini, Rout"]
[Result "0-1"]
[WhiteTitle "WFM"]
[BlackTitle "IM"]
[WhiteElo "2296"]
[BlackElo "2370"]
[WhiteFideId "24174220"]
[BlackFideId "5029295"]
[EventDate "2020.06.18"]

1. d4 Nf6 2. Nf3 g6 3. g3 Bg7 4. Bg2 O-O 5. O-O d5 6. c4 c6 7. Qb3 Qb6 8. Nc3
dxc4 9. Qxc4 Be6 10. Qd3 Na6 11. a3 Rad8 12. b4 Nd5 13. Nxd5 cxd5 14. Bf4 Bf5
15. Qd2 Be4 16. Rfd1 Nc7 17. Bxc7 Qxc7 18. Rac1 Qd6 19. Ne1 Bxg2 20. Nxg2 Rc8
21. Ne3 e6 22. Rc3 h5 23. Rdc1 Rxc3 24. Qxc3 Qb6 25. Nc2 h4 26. e3 Bf6 27. Ne1
Kg7 28. Ng2 hxg3 29. hxg3 Qa6 30. Nf4 Rh8 31. Qd3 Qb6 32. Kg2 g5 33. Ne2 a5 34.
b5 Qd6 35. Qc3 g4 36. a4 Bd8 37. Nf4 Bg5 38. Qxa5 Bxf4 39. exf4 Qa3 40. Qc3 Qxa4
41. b6 Qb5 42. Qc7 Rh5 43. Re1 Qd3 44. Re3 Qd1 45. Qe5+ Rxe5 46. fxe5 Qxd4 0-1

[Event "Women's Speed Chess Q1"]
[Site "chess.com INT"]
[Date "2020.06.18"]
[Round "3"]
[White "Tsukerman, Julia"]
[Black "Zahedifar, Anahita"]
[Result "1-0"]
[WhiteTitle "WCM"]
[BlackTitle "WFM"]
[WhiteElo "1523"]
[BlackElo "2213"]
[WhiteFideId "2621649"]
[BlackFideId "12560715"]
[EventDate "2020.06.18"]

1. e4 c6 2. d4 d5 3. exd5 cxd5 4. Bd3 Nc6 5. c3 Nf6 6. Nf3 Bg4 7. O-O Qc7 8.
Nbd2 e6 9. Qe1 Bd6 10. h3 Bh5 11. g3 Bg6 12. Bxg6 hxg6 13. Kg2 O-O-O 14. Qe2
Rde8 15. Re1 e5 16. dxe5 Nxe5 17. Nxe5 Rxe5 18. Qf1 Rxe1 19. Qxe1 Re8 20. Qf1
Nh5 21. Qd3 Qc6 22. Nf3 Nf6 23. Be3 a6 24. Rc1 Kb8 25. c4 Rc8 26. Nd4 Qe8 27.
cxd5 Rxc1 28. Bxc1 Nxd5 29. Nf3 Qc6 30. Bd2 Nf6 31. Be3 Nd7 32. Qd4 Ne5 33. Qf4
Nd3 34. Qxf7 Ne1+ 35. Kf1 Nxf3 36. Qg8+ Kc7 37. Qxg7+ Qd7 38. Qc3+ Kb8 39. Qh8+
Kc7 40. Qc3+ Kd8 41. Qh8+ Qe8 42. Qf6+ Kd7 43. Qxf3 Qe6 44. Qxb7+ Bc7 45. Qg2
Qxa2 46. Qf3 Qxb2 47. Qf7+ Kc6 48. Qxg6+ Kb7 49. Qe4+ Kc8 50. Qe6+ Kb7 51. Qd5+
Kb8 52. h4 Qa1+ 53. Kg2 a5 54. h5 a4 55. h6 a3 56. h7 Qh8 57. Qg8+ Kb7 58. Qxh8
a2 59. Qa1 1-0

[Event "Women's Speed Chess Q1"]
[Site "chess.com INT"]
[Date "2020.06.18"]
[Round "3"]
[White "Mahdian, Anousha"]
[Black "Mammadzada, Gunay"]
[Result "1-0"]
[WhiteTitle "WFM"]
[BlackTitle "IM"]
[WhiteElo "2212"]
[BlackElo "2443"]
[WhiteFideId "12571490"]
[BlackFideId "13403729"]
[EventDate "2020.06.18"]

1. d4 d5 2. c4 c6 3. cxd5 cxd5 4. Bf4 Nc6 5. e3 Nf6 6. Nc3 Bg4 7. f3 Bf5 8. g4
Bg6 9. h4 h6 10. Nge2 e6 11. Bg2 Be7 12. Qd2 Rc8 13. Kf2 Nb4 14. Kg1 Qb6 15. Bg3
Nc2 16. Rb1 Na3 17. Rc1 Nc4 18. Qe1 Nxe3 19. Na4 Rxc1 20. Qxc1 Qc6 21. Qxe3 Qxa4
22. h5 Bh7 23. Nc3 Qc2 24. Qf2 O-O 25. Qxc2 Bxc2 26. Kf2 Rc8 27. Rc1 Bd3 28. Ke3
Bh7 29. Ne2 Rxc1 30. Nxc1 Nd7 31. Nd3 Bg5+ 32. f4 Be7 33. Ne5 Nb8 34. b3 Bb1 35.
Kd2 f6 36. Nd3 Nc6 37. Bf2 Bxd3 38. Kxd3 Nb4+ 39. Kd2 Nxa2 40. f5 Nb4 41. fxe6
Bd6 42. Kc3 Kf8 43. Be1 Ke7 44. Kb2 Nd3+ 45. Kc3 Nxe1 46. Bf1 Nf3 47. Be2 Ng5
48. b4 Ne4+ 49. Kd3 Kxe6 50. Bd1 Bxb4 51. Ba4 a5 52. Be8 Nd6 53. Bg6 b5 54. Kc2
a4 55. g5 hxg5 56. h6 g4 57. h7 g3 58. h8=Q g2 59. Qh3+ 1-0

[Event "Women's Speed Chess Q1"]
[Site "chess.com INT"]
[Date "2020.06.18"]
[Round "3"]
[White "Mkrtchian, Lilit"]
[Black "Gaponenko, Inna"]
[Result "1-0"]
[WhiteTitle "IM"]
[BlackTitle "IM"]
[WhiteElo "2388"]
[BlackElo "2396"]
[WhiteFideId "13300601"]
[BlackFideId "14101181"]
[EventDate "2020.06.18"]

1. d4 g6 2. e4 Bg7 3. Nc3 d6 4. Be3 a6 5. Qd2 b5 6. h4 h6 7. a4 b4 8. Nce2 a5 9.
Ng3 e6 10. f4 h5 11. Nf3 Nf6 12. Ng5 Ng4 13. Bd3 Nd7 14. e5 Nxe3 15. Qxe3 Nb6
16. O-O Ba6 17. Bxa6 Rxa6 18. N3e4 O-O 19. Qe2 Ra8 20. b3 Nd5 21. Rad1 Qe7 22.
Rd3 Rae8 23. Rf2 f6 24. exf6 Nxf6 25. Nxf6+ Qxf6 26. g3 Qf5 27. Qe4 Bf6 28. Qxf5
exf5 29. Nf3 Re4 30. Kf1 Rfe8 31. Rdd2 Kf7 32. Rfe2 Rxe2 33. Rxe2 Re4 34. d5
Rxe2 35. Kxe2 Ke7 36. Nd2 Kd7 37. Nc4 c6 38. dxc6+ Kxc6 39. Nxa5+ Kc5 40. Nc4
Bd8 41. Kd3 Bf6 42. Nd2 Bd4 43. Ke2 1-0

[Event "Women's Speed Chess Q1"]
[Site "chess.com INT"]
[Date "2020.06.18"]
[Round "3"]
[White "Sviridova, Vlada"]
[Black "Khomeriki, Nino"]
[Result "0-1"]
[WhiteTitle "WFM"]
[BlackTitle "WGM"]
[WhiteElo "2144"]
[BlackElo "2319"]
[WhiteFideId "24109606"]
[BlackFideId "13603191"]
[EventDate "2020.06.18"]

1. d4 Nf6 2. c4 e6 3. Nf3 d5 4. Nc3 dxc4 5. e4 Bb4 6. Bg5 c5 7. Bxc4 cxd4 8.
Nxd4 Bxc3+ 9. bxc3 Qa5 10. Bb5+ Bd7 11. Bxd7+ Nbxd7 12. Bxf6 Qxc3+ 13. Kf1 Nxf6
14. Rc1 Qa5 15. Qe2 O-O 16. e5 Nd5 17. g3 Rac8 18. Kg2 Nc3 19. Qd2 Rfd8 20. Qe3
Nxa2 21. Rxc8 Rxc8 22. Nf3 Nc3 23. Rc1 b5 24. Qd3 b4 25. Nd2 Qd5+ 26. Qxd5 exd5
27. Nb3 Kf8 28. Ra1 Rc7 29. Ra5 Ke7 30. f4 g6 31. h4 f6 32. exf6+ Kxf6 33. g4
Ke6 34. Kf3 Kd6 35. Ke3 Nd1+ 36. Kd2 Nf2 37. Nd4 Rc4 38. Ra6+ Kc7 39. Ne6+ Kb7
40. Ra5 Ne4+ 0-1

[Event "Women's Speed Chess Q1"]
[Site "chess.com INT"]
[Date "2020.06.18"]
[Round "3"]
[White "Divya, Deshmukh"]
[Black "Sakorenko, Adriana"]
[Result "1-0"]
[WhiteTitle "WIM"]
[BlackTitle "WFM"]
[WhiteElo "2305"]
[BlackElo "2216"]
[WhiteFideId "35006916"]
[BlackFideId "34130249"]
[EventDate "2020.06.18"]

1. e4 e6 2. d3 d5 3. Nd2 Nc6 4. g3 Nf6 5. Bg2 dxe4 6. dxe4 e5 7. Ngf3 Bc5 8. O-O
O-O 9. Qe2 a5 10. c3 b6 11. Rd1 Qe7 12. Nf1 Ba6 13. c4 Rfd8 14. Bg5 Nd4 15. Nxd4
Rxd4 16. Ne3 Rxd1+ 17. Rxd1 Bxe3 18. Bxe3 Rd8 19. b3 Bb7 20. f3 Bc8 21. Kf2 h6
22. Rd2 Kf8 23. c5 Rxd2 24. Qxd2 Qd7 25. Qc1 Qe6 26. cxb6 cxb6 27. Qc7 Bd7 28.
Bxb6 a4 29. Bc5+ Kg8 30. Qd6 axb3 31. Qb8+ Kh7 32. Qxb3 Qxb3 33. axb3 Ne8 34.
Bf1 f6 35. Bc4 Nc7 36. Bb6 Ne6 37. Ke3 g6 38. b4 Kg7 39. Bd5 Kf7 40. Kd3 Ke7 41.
Kc4 Kd6 42. b5 1-0

[Event "Women's Speed Chess Q1"]
[Site "chess.com INT"]
[Date "2020.06.18"]
[Round "3"]
[White "Soumya, Swaminathan"]
[Black "Lee, Dariya"]
[Result "1-0"]
[WhiteTitle "IM"]
[BlackTitle "WCM"]
[WhiteElo "2351"]
[BlackElo "1523"]
[WhiteFideId "5016193"]
[BlackFideId "13801651"]
[EventDate "2020.06.18"]

1. Nf3 d6 2. g3 Nf6 3. Bg2 g6 4. c4 Bg7 5. Nc3 c5 6. a3 O-O 7. Rb1 a5 8. O-O Bf5
9. d3 Nc6 10. Nb5 Qd7 11. Bd2 Bh3 12. Bc3 Bxg2 13. Kxg2 e6 14. Qd2 d5 15. Qg5 d4
16. Bd2 b6 17. h4 Rfe8 18. h5 Nxh5 19. Rh1 Rad8 20. Rxh5 gxh5 21. Rh1 Qe7 22.
Qxh5 Qf6 23. Qxh7+ Kf8 24. Bg5 Qg6 25. Qxg6 fxg6 26. Bxd8 Rxd8 27. Ng5 Ke7 28.
Rh7 Kf6 29. Nxe6 Kxe6 30. Rxg7 Ne5 31. Rb7 Rf8 32. Rxb6+ Kd7 33. Rd6+ Ke7 34.
Rd5 Ng4 35. Rxc5 Rxf2+ 36. Kh3 Ne3 37. Nxd4 Rf1 38. Re5+ Kd6 39. Rxe3 1-0